| 000 | 00884nam a2200277 a 4500 | ||
|---|---|---|---|
| 001 | 68220 | ||
| 003 | BD-RJUL | ||
| 005 | 20211209081738.0 | ||
| 008 | 170401s1963 enka 001 0 eng d | ||
| 035 | _a(BD-RJUL) 68430 | ||
| 040 |
_aDLC _cCCH _dBD-RJUL _beng |
||
| 041 | _aeng | ||
| 082 |
_223 _a576.8 _bDAO 1963 |
||
| 100 | 1 |
_aDarwin, Charles, _d1809-1882. _9162196 |
|
| 245 | 1 | 4 |
_aThe origin of species / _cby Charles Darwin ; introduction by W. R. Thompson |
| 260 |
_aLondon : _bJ.M. Dent & Sons, Ltd ; _aNew York : _bE.P Dutton & Co Ltd, _c1963. |
||
| 300 |
_axxx, 488 p. ; _c17 cm |
||
| 490 | 1 |
_aEveryman's library ; _v811 |
|
| 500 | _aIncludes Index. | ||
| 650 | 0 |
_aEvolution _9202235 |
|
| 650 | 0 |
_aEvolution (Biology) _9202236 |
|
| 650 | 0 |
_aNatural selection _9159110 |
|
| 700 | 1 |
_aThompson, W. R. _9202237 |
|
| 830 | 0 |
_aEveryman's library ; _v811. _9202239 |
|
| 942 |
_2ddc _cBK |
||
| 999 |
_c68220 _d68220 |
||